Loading...
| Literature - European | 0 | 5 | 0 | 1 | 50 | 92 | 135.00 | 0 | 2 | 6.46 | 16.18 |
| Literature - British | 2 | 2 | 0 | 0 | 50 | 80 | 104.00 | 0 | 2 | 9.07 | 21.25 |
| Literature - World | 0 | 5 | 1 | 0 | 45 | 113 | 123.00 | 0 | 0 | 8.34 | 26.48 |
| History - Other | 0 | 4 | 0 | 2 | 40 | 101 | 130.00 | 0 | 0 | 4.51 | 9.86 |
| Fine Arts - Classical Music and Opera | 0 | 3 | 0 | 1 | 30 | 87 | 110.67 | 0 | 0 | 5.64 | 7.81 |
| History - European | 0 | 3 | 0 | 1 | 30 | 140 | 147.00 | 0 | 0 | 0.98 | 6.79 |
| History - American | 0 | 3 | 1 | 0 | 25 | 109 | 127.00 | 0 | 1 | 3.26 | 13.08 |
| Mythology | 1 | 1 | 0 | 1 | 25 | 73 | 104.50 | 0 | 0 | 10.88 | 23.53 |
| Science - Biology | 0 | 2 | 0 | 0 | 20 | 129 | 131.50 | 0 | 0 | 0.46 | 8.85 |
| Other Academic | 0 | 2 | 0 | 1 | 20 | 123 | 127.00 | 0 | 0 | 1.57 | 12.18 |
| Fine Arts - Painting and Sculpture | 0 | 2 | 0 | 1 | 20 | 106 | 128.50 | 0 | 1 | 2.58 | 7.23 |
| History - World | 0 | 1 | 0 | 0 | 10 | 142 | 142.00 | 0 | 1 | -0.05 | 1.28 |
| Geography | 0 | 1 | 0 | 1 | 10 | 149 | 149.00 | 0 | 0 | 0.17 | 6.25 |
| Other Culture | 0 | 1 | 0 | 0 | 10 | 77 | 77.00 | 0 | 1 | 11.63 | 23.33 |
| Other Science (Astronomy) | 0 | 1 | 0 | 0 | 10 | 113 | 113.00 | 0 | 0 | 12.83 | 33.33 |
| Religion | 0 | 1 | 0 | 0 | 10 | 157 | 157.00 | 0 | 0 | 0.05 | 1.28 |
| Literature - American | 0 | 2 | 3 | 0 | 5 | 123 | 133.00 | 0 | 0 | 1.99 | 8.68 |
| Fine Arts - Other Arts | 0 | 1 | 1 | 1 | 5 | 141 | 141.00 | 0 | 0 | 0.60 | 3.30 |
| Social Science | 0 | 0 | 1 | 0 | -5 | 0.00 | 0 | 0 | 0.00 | 0.00 |